[Event "47th Biel Master Open"]
[Site "Biel SUI"]
[Date "2014.07.23"]
[Round "9.9"]
[White "Donchenko, Alexander"]
[Black "Erdos, Viktor"]
[Result "1/2-1/2"]
[WhiteTitle "IM"]
[BlackTitle "GM"]
[WhiteElo "2499"]
[BlackElo "2648"]
[WhiteFideId "24603295"]
[BlackFideId "719978"]
[EventDate "2014.07.14"]

1. d4 Nf6 2. c4 g6 3. Nc3 d5 4. Nf3 Bg7 5. Qb3 dxc4 6. Qxc4 O-O 7. e4 Nc6 8. Be2
Bg4 9. d5 Na5 10. Qb4 Bxf3 11. Bxf3 c6 12. O-O Qb6 13. Qa4 Nd7 14. Rd1 Rfd8 15.
g3 h5 16. Bg2 Ne5 17. Rb1 Ng4 18. Qc2 Bd4 19. Rd2 Rac8 20. h3 Nf6 21. Qd3 e5 22.
Rc2 cxd5 1/2-1/2

[Event "47th Biel Master Open"]
[Site "Biel SUI"]
[Date "2014.07.23"]
[Round "9.10"]
[White "Solak, Dragan"]
[Black "Rambaldi, Francesco"]
[Result "1-0"]
[WhiteTitle "GM"]
[BlackTitle "FM"]
[WhiteElo "2639"]
[BlackElo "2444"]
[WhiteFideId "916811"]
[BlackFideId "20657307"]
[EventDate "2014.07.14"]

1. c4 c5 2. Nc3 Nc6 3. Nf3 Nf6 4. g3 g6 5. Bg2 Bg7 6. d4 O-O 7. dxc5 Qa5 8. O-O
Qxc5 9. b3 d6 10. Bg5 Bf5 11. Nh4 Be6 12. Bxf6 Bxf6 13. Ne4 Qd4 14. Nxf6+ Qxf6
15. Qd2 a5 16. Rac1 a4 17. b4 Qd4 18. Qxd4 Nxd4 19. Rfe1 Rac8 20. e3 Nc6 21. a3
Ne5 22. Bxb7 Rc7 23. Be4 Rxc4 24. Rxc4 Nxc4 25. Ra1 Nd2 26. Bc6 Bb3 27. Nf3
Nxf3+ 28. Bxf3 Rc8 29. Kf1 Kf8 30. Ke1 Ke8 31. Be4 d5 32. Bd3 e5 33. Kd2 h6 34.
f4 e4 35. Bb5+ Ke7 36. Rc1 Rxc1 37. Kxc1 d4 38. exd4 e3 39. Kb2 Kd6 40. Kc3 Kd5
41. Bf1 Bd1 42. Kd3 e2 43. Bg2+ Kd6 44. Kd2 f6 45. Ke1 g5 46. Bf3 1-0

[Event "47th Biel Master Open"]
[Site "Biel SUI"]
[Date "2014.07.23"]
[Round "9.11"]
[White "Lampert, Jonas"]
[Black "Kovacevic, Aleksandar"]
[Result "1/2-1/2"]
[BlackTitle "GM"]
[WhiteElo "2421"]
[BlackElo "2564"]
[WhiteFideId "1303759"]
[BlackFideId "903124"]
[EventDate "2014.07.14"]

1. e4 c5 2. Nf3 Nc6 3. d4 cxd4 4. Nxd4 g6 5. Nc3 Bg7 6. Be3 Nf6 7. Bc4 Qa5 8.
O-O O-O 9. Bb3 d6 10. h3 Bd7 11. Re1 Rfe8 12. Qd3 Nxd4 13. Bxd4 Bc6 14. Qc4 e6
15. Rad1 Red8 16. Qe2 b5 17. Qf3 Ne8 18. a3 Qc7 19. Bxg7 Kxg7 20. Qd3 Rab8 21.
f4 Nf6 22. f5 Qb6+ 23. Kh2 exf5 24. exf5 Qf2 25. Re2 Qh4 26. fxg6 Ng4+ 27. Kg1
Ne5 28. Qd4 Qxd4+ 29. Rxd4 hxg6 30. Red2 a5 31. Rxd6 Rxd6 32. Rxd6 b4 33. axb4
Rxb4 34. Bd5 Rxb2 35. Bb3 a4 36. Nxa4 Rb1+ 37. Kf2 Ra1 38. Nc5 Bb5 39. Rd5 Rf1+
40. Kg3 Re1 41. Ne6+ fxe6 42. Rxb5 Kf6 43. Kf2 Re4 44. g3 g5 45. Rb6 Nd7 46. Rc6
Re5 47. c3 Nc5 48. Bc2 Rd5 49. Ke3 Re5+ 50. Kf3 Ke7 51. Rc7+ Kd6 52. Rg7 Nd7 53.
Ba4 Nf6 54. Rf7 Ne4 55. Rd7+ Kc5 56. Rd3 Nf6 57. Bb3 Rf5+ 58. Kg2 Re5 59. Rf3
Nd5 60. Kf2 Re4 61. Bxd5 exd5 62. Rf5 Rc4 63. Rxg5 Rxc3 64. h4 Kd6 65. Rf5 Ke6
66. g4 d4 67. h5 Rc2+ 68. Kg3 d3 69. Rf1 d2 70. Rd1 Ke5 71. Kh4 Kf4 72. Rf1+ Ke3
73. Rd1 Kf4 74. Rf1+ 1/2-1/2

[Event "47th Biel Master Open"]
[Site "Biel SUI"]
[Date "2014.07.23"]
[Round "9.12"]
[White "Nuri, Kambez"]
[Black "Gallagher, Joseph G."]
[Result "1/2-1/2"]
[WhiteTitle "FM"]
[BlackTitle "GM"]
[WhiteElo "2322"]
[BlackElo "2484"]
[WhiteFideId "1311433"]
[BlackFideId "1303422"]
[EventDate "2014.07.14"]

1. e4 c5 2. d4 cxd4 3. c3 dxc3 4. Nxc3 Nc6 5. Nf3 d6 6. Bc4 a6 7. O-O Nf6 8. Bf4
e6 9. Qe2 Nh5 10. Be3 Be7 11. Rfd1 Bd7 12. Bb3 Nf6 13. Bf4 e5 14. Bg5 Be6 15.
Bxe6 fxe6 16. b4 O-O 17. b5 axb5 18. Qxb5 Nd4 19. Qxb7 Rb8 20. Qa7 Nxf3+ 21.
gxf3 Rc8 22. Ne2 Rc2 23. Rd2 Rxd2 24. Bxd2 d5 25. Ba5 Qe8 26. Ng3 h5 27. h4 dxe4
28. fxe4 Ng4 29. Rb1 Bxh4 30. Rb7 Qg6 31. Rb8 Rxb8 32. Qxb8+ Kh7 33. Qb3 Be7 34.
Qf3 Bc5 35. Be1 h4 36. Qh1 Qh6 37. Ne2 h3 38. Qf3 Qh4 39. Qg3 Qh5 40. Kh1 Nf6
41. f3 Kg8 42. Kh2 Kf7 43. Qxh3 Qg5 44. a4 Qe3 45. Qg2 g5 46. Bc3 g4 47. fxg4
Nxe4 48. Bxe5 Nf2 49. Qb7+ Be7 50. Bd6 Nxg4+ 51. Kh1 Kg8 52. Qg2 Bxd6 53. Qxg4+
Kf8 54. Kg2 Qe5 55. Nd4 Qd5+ 56. Qf3+ Ke7 57. Qxd5 1/2-1/2

[Event "47th Biel Master Open"]
[Site "Biel SUI"]
[Date "2014.07.23"]
[Round "9.13"]
[White "Bartel, Marta"]
[Black "Antoli Royo, Joaquin Miguel"]
[Result "1-0"]
[WhiteTitle "WGM"]
[BlackTitle "IM"]
[WhiteElo "2328"]
[BlackElo "2443"]
[WhiteFideId "1123009"]
[BlackFideId "2259532"]
[EventDate "2014.07.14"]

1. d4 Nf6 2. Nf3 g6 3. c4 Bg7 4. Nc3 d5 5. cxd5 Nxd5 6. e4 Nxc3 7. bxc3 c5 8.
Rb1 Nc6 9. d5 Ne5 10. Nxe5 Bxe5 11. Qd2 O-O 12. f4 Bc7 13. Bc4 a6 14. O-O b5 15.
Be2 c4 16. a4 Rb8 17. Ba3 Bd6 18. Bxd6 Qxd6 19. Rfd1 e6 20. axb5 Rxb5 21. Qd4
exd5 22. Bxc4 Rxb1 23. Rxb1 Qxf4 24. Bxd5 Be6 25. Rf1 Qd6 26. c4 Rc8 27. Qa7
Qc5+ 28. Qxc5 Rxc5 29. Kf2 Bxd5 30. cxd5 Rc2+ 31. Kf3 Ra2 32. Rb1 f5 33. e5 Rd2
34. Rb8+ Kf7 35. Rb7+ Kf8 36. d6 h6 37. Rh7 Rd5 38. d7 1-0

[Event "47th Biel Master Open"]
[Site "Biel SUI"]
[Date "2014.07.23"]
[Round "9.14"]
[White "Misiano, Franco"]
[Black "Cherniaev, Alexander"]
[Result "0-1"]
[WhiteTitle "FM"]
[BlackTitle "GM"]
[WhiteElo "2288"]
[BlackElo "2434"]
[WhiteFideId "804746"]
[BlackFideId "4117301"]
[EventDate "2014.07.14"]

1. e4 c6 2. d4 d5 3. Nc3 dxe4 4. Nxe4 Nf6 5. Nxf6+ gxf6 6. c3 h5 7. Nf3 h4 8. h3
Bf5 9. Bd3 Bxd3 10. Qxd3 e6 11. Bd2 Nd7 12. O-O-O Qc7 13. Kb1 O-O-O 14. Qe2 Bd6
15. c4 Kb8 16. Bc3 Rdg8 17. Rhg1 Ka8 18. Ka1 a6 19. a3 b5 20. cxb5 axb5 21. Rc1
Kb7 22. d5 exd5 23. Nd4 Bc5 24. Nxb5 Qb6 25. b4 Qxb5 26. Qxb5+ cxb5 27. bxc5 Kc6
28. Bb4 Rh5 29. Rce1 Re5 30. f4 Re6 31. Rxe6+ fxe6 32. Re1 e5 33. fxe5 fxe5 34.
Re2 d4 35. Re4 Rxg2 36. Rxh4 Nxc5 37. Rh8 Nd3 38. h4 Kd5 39. h5 Kc4 40. Rf8 Rh2 0-1

[Event "47th Biel Master Open"]
[Site "Biel SUI"]
[Date "2014.07.23"]
[Round "9.15"]
[White "Rudolf, Anna"]
[Black "Benkovic, Petar"]
[Result "1-0"]
[WhiteTitle "WGM"]
[BlackTitle "IM"]
[WhiteElo "2277"]
[BlackElo "2434"]
[WhiteFideId "722855"]
[BlackFideId "922641"]
[EventDate "2014.07.14"]

1. e4 c5 2. Nf3 e6 3. d4 cxd4 4. Nxd4 a6 5. Be2 Nf6 6. Nc3 d6 7. O-O Nc6 8. Be3
Be7 9. f4 O-O 10. Qe1 Bd7 11. Qg3 Nxd4 12. Bxd4 Bc6 13. Kh1 g6 14. Bf3 Nd7 15.
Rad1 Qa5 16. f5 Ne5 17. fxe6 fxe6 18. Bg4 Rxf1+ 19. Rxf1 Bd7 20. Nd5 exd5 21.
Bxd7 Rf8 22. Be6+ Kg7 23. Rxf8 Kxf8 24. Qf2+ Ke8 25. Bxd5 Qc7 26. h3 Kd7 27. Bb6
Qc8 28. c4 Qf8 29. Bxb7 Nxc4 30. Qxf8 Bxf8 31. Bd4 Nd2 32. Be3 Nc4 33. Bd4 Nd2
34. Kg1 Kc7 35. Bd5 Bh6 36. Bg8 Nxe4 37. Bxh7 Ng3 38. Bf2 Ne2+ 39. Kh2 Nf4 40.
g3 Nd3 41. Bd4 Nb4 42. Bxg6 Nxa2 43. Kg2 Nb4 44. h4 Nc6 45. Bf6 Bc1 46. b3 Kd7
47. Bd3 Na5 48. Bf5+ Kc6 49. Bc2 Kd5 50. g4 Nc6 51. g5 Nd4 52. Bh7 Ne2 53. Kf3
Nf4 54. Bg8+ Kc6 55. Bf7 d5 56. h5 Nh3 57. g6 Bh6 58. Be8+ Kd6 59. g7 Ng5+ 60.
Kg4 Ne4 61. Bd4 Bxg7 62. Bxg7 Ke7 63. Bg6 1-0

[Event "47th Biel Master Open"]
[Site "Biel SUI"]
[Date "2014.07.23"]
[Round "9.16"]
[White "Vokarev, Sergey"]
[Black "Grandadam, Patrik"]
[Result "1/2-1/2"]
[WhiteTitle "GM"]
[WhiteElo "2432"]
[BlackElo "2243"]
[WhiteFideId "4119711"]
[BlackFideId "682438"]
[EventDate "2014.07.14"]

1. e4 c5 2. Nf3 e6 3. c4 Nc6 4. Nc3 Nf6 5. Be2 d5 6. exd5 exd5 7. d4 Be6 8. cxd5
Nxd5 9. O-O Be7 10. dxc5 Nxc3 11. bxc3 Qxd1 12. Rxd1 Bxc5 13. Ng5 Rd8 14. Nxe6
Rxd1+ 15. Bxd1 fxe6 16. Bf4 Rf8 17. Bg3 Ke7 18. Bf3 Nd8 19. Rd1 g5 20. h3 b6 21.
Kf1 Nf7 22. Be4 h6 23. f3 Nd6 24. Re1 Nxe4 25. Rxe4 Bd6 26. Bf2 Rf4 27. Rxf4
Bxf4 28. g4 Be5 29. c4 Kd6 30. Ke2 Kc6 31. Kd3 a6 32. Ke4 Bf6 33. a4 b5 34.
cxb5+ axb5 35. a5 b4 36. a6 b3 37. Kd3 Bg7 38. Be3 Kc7 39. Kd2 Kc6 40. Kd3 Kc7
41. Bf2 Kc6 1/2-1/2

[Event "47th Biel Master Open"]
[Site "Biel SUI"]
[Date "2014.07.23"]
[Round "9.17"]
[White "Ludwig, Peter"]
[Black "Raetsky, Alexander"]
[Result "0-1"]
[BlackTitle "GM"]
[WhiteElo "2249"]
[BlackElo "2431"]
[WhiteFideId "4651359"]
[BlackFideId "4103203"]
[EventDate "2014.07.14"]

1. Nf3 d5 2. c4 d4 3. b4 g6 4. g3 Bg7 5. d3 e5 6. Bg2 Ne7 7. O-O O-O 8. a4 c5 9.
bxc5 Na6 10. Ba3 Nc6 11. Nbd2 f5 12. Nb3 Re8 13. Nfd2 Be6 14. Rb1 Rc8 15. Re1
Bf8 16. Qc1 Bf7 17. Nf1 e4 18. dxe4 fxe4 19. e3 Nab4 20. Rd1 Nd3 21. Qc2 dxe3
22. Nxe3 Bg7 23. Bxe4 Rxe4 24. Rxd3 Qe8 25. Rbd1 Ne5 26. Rd8 Rxd8 27. Rxd8 Qxd8
28. Qxe4 Nxc4 29. Qxb7 Nxe3 30. fxe3 Qd1+ 31. Kf2 Qxb3 32. Qxb3 Bxb3 33. a5 a6
34. Bb4 Kf7 35. e4 Bd4+ 0-1

[Event "47th Biel Master Open"]
[Site "Biel SUI"]
[Date "2014.07.23"]
[Round "9.18"]
[White "Cebalo, Miso"]
[Black "Donchenko, Anatoly"]
[Result "1-0"]
[WhiteTitle "GM"]
[BlackTitle "IM"]
[WhiteElo "2426"]
[BlackElo "2360"]
[WhiteFideId "14500094"]
[BlackFideId "4106091"]
[EventDate "2014.07.14"]

1. c4 c5 2. g3 g6 3. Bg2 Nc6 4. Nc3 Bg7 5. Nf3 e6 6. d3 Nge7 7. O-O O-O 8. Bg5
h6 9. Bd2 b6 10. Qc1 Kh7 11. a3 Bb7 12. Rb1 a5 13. Nb5 d5 14. b4 cxb4 15. axb4
dxc4 16. Qxc4 axb4 17. Bxb4 Nxb4 18. Qxb4 Nd5 19. Qb3 Ra5 20. Rfc1 Qa8 21. e4
Ba6 22. Nd6 Qd8 23. Nxf7 Rxf7 24. exd5 exd5 25. d4 Rb5 26. Qc2 Rxb1 27. Rxb1 Bc4
28. h4 Qf8 29. Rxb6 Rf6 30. Rxf6 Qxf6 31. Ne5 Qf5 32. Qxf5 gxf5 33. f4 Bb3 34.
Kf2 Kg8 35. Ke3 Kf8 36. Bh3 Bc2 37. Nd3 Bf6 38. Bxf5 Bd8 39. Be6 Ba5 40. g4 Bb3
41. g5 1-0

[Event "47th Biel Master Open"]
[Site "Biel SUI"]
[Date "2014.07.23"]
[Round "9.19"]
[White "Rindlisbacher, Lars"]
[Black "Hachtmann, Christian"]
[Result "1-0"]
[WhiteTitle "FM"]
[WhiteElo "2332"]
[BlackElo "2081"]
[WhiteFideId "1304178"]
[BlackFideId "12928593"]
[EventDate "2014.07.14"]

1. d4 e6 2. c4 f5 3. g3 Nf6 4. Bg2 Bb4+ 5. Bd2 Bxd2+ 6. Nxd2 d6 7. e3 e5 8. Ne2
O-O 9. O-O Nc6 10. Nb3 a5 11. dxe5 dxe5 12. Qxd8 Nxd8 13. Nc3 Ne6 14. Na4 e4 15.
Rfd1 b6 16. Bf1 Bd7 17. Nc3 Rad8 18. Nd4 Nxd4 19. Rxd4 Bc6 20. Rad1 Rxd4 21.
exd4 Rd8 22. Ne2 Ng4 23. d5 Bd7 24. Nd4 c5 25. dxc6 Bxc6 26. Be2 Ne5 27. Nxf5
Rxd1+ 28. Bxd1 Kf7 29. Be2 Kf6 30. Ne3 Ke6 31. Kf1 g6 32. Ke1 Kd6 33. Kd2 Kc5
34. Kc3 Bd7 35. b3 Nc6 36. a3 Be6 37. Nc2 Bf5 38. b4+ axb4+ 39. axb4+ Kd6 40.
Nd4 Ne7 41. Kd2 Ke5 42. Ke3 h6 43. f4+ exf3 44. Bxf3 Bd7 45. Be4 g5 46. Nf3+ Kf6
47. Kd4 h5 48. Ne5 Be6 49. Nc6 Nf5+ 50. Bxf5 Kxf5 51. Ne5 h4 52. c5 bxc5+ 53.
bxc5 hxg3 54. hxg3 Bc8 55. c6 Be6 56. c7 Bc8 57. Kd5 Be6+ 58. Kd4 Bc8 59. Nc6
Kg4 60. Ne7 Bb7 61. Kc5 1-0

[Event "47th Biel Master Open"]
[Site "Biel SUI"]
[Date "2014.07.23"]
[Round "9.20"]
[White "Minko, Vladimir"]
[Black "Villa, Giorgio"]
[Result "1/2-1/2"]
[WhiteTitle "FM"]
[WhiteElo "2308"]
[BlackElo "2000"]
[WhiteFideId "24146706"]
[BlackFideId "858773"]
[EventDate "2014.07.14"]

1. d4 d5 2. c4 c6 3. Nf3 Nf6 4. Qb3 dxc4 5. Qxc4 Bf5 6. Nc3 e6 7. g3 Be7 8. Bg2
Nbd7 9. O-O O-O 10. Re1 Ne4 11. Qb3 Qb6 12. Nh4 Qxb3 13. axb3 Nd6 14. Nxf5 Nxf5
15. Rd1 Rfd8 16. e4 Nd6 17. Bf4 a6 18. Kf1 Nb5 19. Rac1 Nf6 20. Ne2 Rd7 21. Rd3
Rad8 22. Rcd1 Bc5 23. Be3 Ng4 24. Bg5 Be7 25. Bxe7 Rxe7 26. d5 Red7 27. Nf4 Ne5
28. R3d2 Kf8 29. Ke2 Ke7 30. h4 Nc7 31. Rd4 Ng6 32. Nd3 Nb5 33. Ra4 exd5 34. h5
Nf8 35. Nc5 Rc7 36. exd5 cxd5 37. b4 Ne6 38. Rxd5 Rxd5 39. Bxd5 Nxc5 40. bxc5
Rxc5 41. Bxb7 Rc2+ 42. Kf1 Rxb2 43. Bxa6 Nd6 44. Be2 g6 45. Bf3 Rb5 46. Ra8 Kf6
47. Rd8 Rb6 48. Kg2 Kg7 1/2-1/2

[Event "47th Biel Master Open"]
[Site "Biel SUI"]
[Date "2014.07.24"]
[Round "10.1"]
[White "Adhiban, Baskaran"]
[Black "Swiercz, Dariusz"]
[Result "1/2-1/2"]
[WhiteTitle "GM"]
[BlackTitle "GM"]
[WhiteElo "2610"]
[BlackElo "2617"]
[WhiteFideId "5018471"]
[BlackFideId "1126881"]
[EventDate "2014.07.14"]

1. e4 c5 2. Nf3 d6 3. d4 cxd4 4. Nxd4 Nf6 5. Nc3 a6 6. Bg5 Nbd7 7. Bc4 Qb6 8.
O-O Qc5 9. Bd5 e6 10. Re1 Be7 11. Be3 Qa5 12. Bxe6 fxe6 13. Nxe6 Kf7 14. Ng5+
Ke8 15. Nd5 Nxd5 16. exd5 Ne5 17. Bf4 Bf6 18. Ne4 Qc7 19. c4 Bf5 20. Nxd6+ Qxd6
21. Bxe5 Bxe5 22. c5 Qf6 23. f4 Rf8 24. fxe5 Qh4 25. e6 Rf6 26. Qd2 Qc4 27. Rac1
Qd3 28. Qxd3 Bxd3 29. Rc3 Bb5 30. b3 Rd8 31. a4 Bc6 32. dxc6 bxc6 33. Rg3 g6 34.
Rh3 h5 35. g4 Rd5 36. gxh5 Rg5+ 37. Kh1 Rxh5 38. Rxh5 gxh5 39. Re5 Rf3 40. Rxh5
Rxb3 41. Rh8+ Ke7 42. Rc8 Ra3 43. Rc7+ Kf6 44. Rxc6 Rxa4 45. Kg2 Rc4 46. Kg3 a5
47. h4 a4 48. h5 Rc3+ 49. Kg4 Rc4+ 50. Kg3 Rc3+ 51. Kf4 a3 52. h6 a2 53. Ra6
Rc4+ 54. Kg3 Rc3+ 55. Kg4 Rc4+ 56. Kf3 Rxc5 57. Rxa2 Kxe6 58. Ra7 Kf6 59. h7 Rh5
60. Kg4 Rh1 61. Rb7 Kg6 62. Ra7 Rxh7 63. Rxh7 Kxh7 1/2-1/2

[Event "47th Biel Master Open"]
[Site "Biel SUI"]
[Date "2014.07.24"]
[Round "10.2"]
[White "Mikhalevski, Victor"]
[Black "Bartel, Mateusz"]
[Result "1/2-1/2"]
[WhiteTitle "GM"]
[BlackTitle "GM"]
[WhiteElo "2539"]
[BlackElo "2644"]
[WhiteFideId "2801914"]
[BlackFideId "1112635"]
[EventDate "2014.07.14"]

1. c4 e5 2. g3 d6 3. Nc3 f5 4. Bg2 Nf6 5. d3 Be7 6. Nf3 O-O 7. O-O Na6 8. Rb1 c6
9. b4 Nc7 10. b5 c5 11. e3 Kh8 12. a4 Ne6 13. Bb2 Rb8 14. Nd2 Bd7 15. f4 Ng4 16.
Re1 Nc7 17. h3 Nh6 18. a5 Be6 19. b6 axb6 20. axb6 Na8 21. Na4 Nxb6 22. Nxb6
Qxb6 23. Bxe5 Qc7 24. Bc3 Ng8 25. Qf3 b6 26. Qc6 Qd8 27. Rb3 Bd7 28. Qf3 b5 29.
cxb5 Rxb5 30. Rxb5 Bxb5 31. e4 Bc6 32. Qf2 d5 1/2-1/2

[Event "47th Biel Master Open"]
[Site "Biel SUI"]
[Date "2014.07.24"]
[Round "10.3"]
[White "Antipov, Mikhail Al."]
[Black "Solak, Dragan"]
[Result "0-1"]
[WhiteTitle "GM"]
[BlackTitle "GM"]
[WhiteElo "2502"]
[BlackElo "2639"]
[WhiteFideId "4107012"]
[BlackFideId "916811"]
[EventDate "2014.07.14"]

1. e4 c6 2. d4 d5 3. e5 Bf5 4. Nd2 e6 5. Nb3 Ne7 6. Nf3 Nc8 7. Be2 Be7 8. O-O
Nb6 9. Ne1 O-O 10. Bd3 Bxd3 11. Nxd3 N8d7 12. Qg4 Kh8 13. c3 Rc8 14. Re1 c5 15.
Re3 c4 16. Rh3 g6 17. Qf4 g5 18. Qf3 Rg8 19. Qxf7 Nf8 20. Nbc5 Rg7 21. Nxe6 Rxf7
22. Nxd8 Bxd8 23. Ne1 Ne6 24. g4 Be7 25. Rf3 Rxf3 26. Nxf3 Nd7 27. Ne1 Ndf8 28.
Ng2 Ng6 29. a3 Kg7 30. f3 Rf8 31. Ne3 Nef4 32. Nf5+ Kf7 0-1

[Event "47th Biel Master Open"]
[Site "Biel SUI"]
[Date "2014.07.24"]
[Round "10.4"]
[White "Shankland, Samuel L"]
[Black "Sebenik, Matej"]
[Result "1-0"]
[WhiteTitle "GM"]
[BlackTitle "GM"]
[WhiteElo "2632"]
[BlackElo "2516"]
[WhiteFideId "2004887"]
[BlackFideId "14602296"]
[EventDate "2014.07.14"]

1. e4 c5 2. Nf3 g6 3. d4 cxd4 4. Nxd4 Nc6 5. c4 Nf6 6. Nc3 d6 7. Be2 Nxd4 8.
Qxd4 Bg7 9. Be3 O-O 10. Qd2 Be6 11. O-O Qa5 12. Rab1 Rfc8 13. b3 a6 14. Rfc1 b5
15. b4 Qd8 16. cxb5 axb5 17. f3 Ra3 18. Nxb5 Rxa2 19. Qe1 Nh5 20. g4 Nf6 21. Nd4
Rxc1 22. Rxc1 Qb6 23. Bf2 d5 24. e5 Nd7 25. f4 Nf8 26. b5 Qb7 27. Qb4 g5 28. b6
gxf4 29. Rc7 Qa8 30. b7 Qb8 31. Nxe6 fxe6 32. Qxe7 1-0

[Event "47th Biel Master Open"]
[Site "Biel SUI"]
[Date "2014.07.24"]
[Round "10.5"]
[White "Roiz, Michael"]
[Black "Rakhmanov, Aleksandr"]
[Result "1/2-1/2"]
[WhiteTitle "GM"]
[BlackTitle "GM"]
[WhiteElo "2572"]
[BlackElo "2626"]
[WhiteFideId "2804158"]
[BlackFideId "4173708"]
[EventDate "2014.07.14"]

1. Nf3 Nf6 2. c4 g6 3. Nc3 Bg7 4. e4 O-O 5. d4 c6 6. Bd3 d6 7. O-O Bg4 8. Be3
Na6 9. h3 Bxf3 10. Qxf3 Nd7 11. Qd1 Nc7 12. Be2 Ne6 13. Qd2 c5 14. dxc5 Ndxc5
15. f3 a5 16. b3 Nc7 17. Rab1 Qd7 18. Rfe1 Qe6 19. Bf1 Rfe8 20. Rbc1 Qf6 21. f4
Rad8 22. g3 e5 23. Bg2 exf4 24. gxf4 b6 25. Re2 Qh4 26. Bf2 Qf6 27. Be3 Qh4 28.
Bf2 Qf6 29. Kh1 Kf8 30. Be3 Kg8 31. Bf2 Kf8 32. Bg1 Kg8 33. Ree1 Qh4 34. Bf2 Qf6
35. Bg1 Qh4 36. Bf2 Qf6 37. Rf1 Qe7 38. Rce1 Qf6 39. Rc1 Qe7 40. Rfe1 Qf6 1/2-1/2

[Event "47th Biel Master Open"]
[Site "Biel SUI"]
[Date "2014.07.24"]
[Round "10.6"]
[White "Ganguly, Surya Shekhar"]
[Black "Molner, Mackenzie"]
[Result "1/2-1/2"]
[WhiteTitle "GM"]
[BlackTitle "GM"]
[WhiteElo "2619"]
[BlackElo "2504"]
[WhiteFideId "5002150"]
[BlackFideId "2021722"]
[EventDate "2014.07.14"]

1. e4 c5 2. Nf3 d6 3. d4 cxd4 4. Nxd4 Nf6 5. Nc3 a6 6. Be3 Ng4 7. Bg5 h6 8. Bh4
g5 9. Bg3 Bg7 10. Be2 h5 11. h4 gxh4 12. Bxh4 Nc6 13. Nb3 Bxc3+ 14. bxc3 Qb6 15.
Qd2 Rg8 16. a4 Nge5 17. Bg5 Bg4 18. f3 Be6 19. Be3 Qc7 20. Rxh5 O-O-O 21. a5
Rxg2 22. Bb6 Qd7 23. Bxd8 Qxd8 24. Qe3 Bc4 25. Bf1 Bxf1 26. Kxf1 Nc4 27. Qf4 Qg8
28. Rh8 Rg1+ 29. Kf2 Rg2+ 30. Kf1 Qxh8 31. Kxg2 Qxc3 32. Rc1 N6e5 33. Kg3 Kc7
34. Qf5 Nxa5 35. Nxa5 Qxa5 36. Qg5 f6 37. Qf5 Qc3 38. Rh1 Qxc2 39. Rh7 Nc6 40.
Qxf6 Qc5 41. Rxe7+ Nxe7 42. Qxe7+ Kb6 43. f4 a5 44. f5 a4 45. f6 Qg5+ 46. Kf3
Qh5+ 47. Kf4 Qe5+ 48. Qxe5 dxe5+ 49. Kf5 a3 50. f7 a2 51. f8=Q a1=Q 52. Qd6+ Ka7
53. Qxe5 Qxe5+ 54. Kxe5 b5 55. Kd5 Kb6 56. e5 b4 57. e6 Kc7 58. Kc4 Kd6 59. Kxb4
Kxe6 1/2-1/2

[Event "47th Biel Master Open"]
[Site "Biel SUI"]
[Date "2014.07.24"]
[Round "10.7"]
[White "Bok, Benjamin"]
[Black "Hera, Imre Jr."]
[Result "1/2-1/2"]
[WhiteTitle "GM"]
[BlackTitle "GM"]
[WhiteElo "2586"]
[BlackElo "2561"]
[WhiteFideId "1017063"]
[BlackFideId "716855"]
[EventDate "2014.07.14"]

1. e4 c6 2. d4 d5 3. e5 Bf5 4. Nf3 e6 5. Be2 Nd7 6. O-O Bg6 7. Nbd2 Nh6 8. c3
Be7 9. Ne1 Nf5 10. Nd3 c5 11. Nf3 cxd4 12. cxd4 Nb8 13. g4 Nh6 14. h3 Nc6 15.
Be3 O-O 16. Nd2 f6 17. exf6 Bxf6 18. Nb3 Nf7 19. Nf4 Qd6 20. Qd2 Ng5 21. Nxg6
Ne4 22. Qd1 hxg6 23. Bf3 Bd8 24. Kg2 Bc7 25. Rh1 Ng3 26. Re1 Ne4 27. Rh1 Ng3 28.
Re1 Ne4 1/2-1/2

[Event "47th Biel Master Open"]
[Site "Biel SUI"]
[Date "2014.07.24"]
[Round "10.8"]
[White "Raetsky, Alexander"]
[Black "Erdos, Viktor"]
[Result "0-1"]
[WhiteTitle "GM"]
[BlackTitle "GM"]
[WhiteElo "2431"]
[BlackElo "2648"]
[WhiteFideId "4103203"]
[BlackFideId "719978"]
[EventDate "2014.07.14"]

1. e4 c5 2. Nf3 Nc6 3. d4 cxd4 4. Nxd4 Qb6 5. Nb3 Nf6 6. Bd3 e6 7. O-O d6 8. c4
Ne5 9. Nc3 a6 10. Be3 Qc7 11. Rc1 b6 12. Bb1 Be7 13. Nd2 O-O 14. h3 Bb7 15. f4
Ned7 16. Qe2 Rac8 17. a3 Qb8 18. Kh1 Ba8 19. Bd4 g6 20. g4 Rfe8 21. Nf3 e5 22.
Be3 Nc5 23. Nd2 exf4 24. Rxf4 Nfd7 25. Rff1 Ne5 26. Nd5 Bxd5 27. exd5 Ncd7 28.
Ne4 b5 29. cxb5 axb5 30. Rxc8 Rxc8 31. Rc1 Re8 32. Kg2 Qb7 33. Ba2 b4 34. Qc2
bxa3 35. bxa3 Qa6 36. a4 Rd8 37. Bc4 Qa8 38. Bb5 Qxd5 39. Rd1 Qa8 40. Kg3 Rc8
41. Qg2 d5 42. Bg5 Bxg5 43. Nxg5 Nf6 44. Qb2 Qb8 45. Kg2 Nexg4 46. hxg4 Nxg4 47.
Kf3 Ne5+ 48. Kg2 Ng4 49. Kf3 h5 50. Nh3 d4 51. Qxd4 Qh2 52. Bf1 Re8 53. Rd3 Ne5+ 0-1

[Event "47th Biel Master Open"]
[Site "Biel SUI"]
[Date "2014.07.24"]
[Round "10.9"]
[White "Cebalo, Miso"]
[Black "Banusz, Tamas"]
[Result "0-1"]
[WhiteTitle "GM"]
[BlackTitle "GM"]
[WhiteElo "2426"]
[BlackElo "2595"]
[WhiteFideId "14500094"]
[BlackFideId "722413"]
[EventDate "2014.07.14"]

1. d4 d5 2. Nf3 Nf6 3. c4 c6 4. Nc3 dxc4 5. a4 Bf5 6. e3 e6 7. Bxc4 Bb4 8. O-O
Nbd7 9. Nh4 O-O 10. f3 Rc8 11. e4 Bg6 12. Nxg6 hxg6 13. Be3 c5 14. Bb5 cxd4 15.
Bxd4 a6 16. Bxd7 Nxd7 17. Qb3 Bc5 18. Rad1 Qc7 19. Rf2 Bxd4 20. Rxd4 Ne5 21. Nd1
Qc5 22. Qe3 Qa5 23. Qd2 Qb6 24. Ne3 Rfd8 25. Nc2 Nc4 26. a5 Nxd2 0-1

[Event "47th Biel Master Open"]
[Site "Biel SUI"]
[Date "2014.07.24"]
[Round "10.10"]
[White "Kovacevic, Aleksandar"]
[Black "Bartel, Marta"]
[Result "0-1"]
[WhiteTitle "GM"]
[BlackTitle "WGM"]
[WhiteElo "2564"]
[BlackElo "2328"]
[WhiteFideId "903124"]
[BlackFideId "1123009"]
[EventDate "2014.07.14"]

1. e4 c5 2. Nf3 d6 3. d4 cxd4 4. Nxd4 Nf6 5. Nc3 Nc6 6. Bg5 Qb6 7. Be3 Qd8 8. f3
e5 9. Nb3 Be7 10. Qd2 O-O 11. O-O-O a5 12. Kb1 a4 13. Nc1 a3 14. b3 Be6 15. Nd5
Bxd5 16. exd5 Nd4 17. c3 Nf5 18. Bf2 Nd7 19. Bd3 Nh4 20. Be3 Rc8 21. Rhf1 f5 22.
Bb5 Bf6 23. g3 f4 24. Bg1 e4 25. gxh4 e3 26. Qe2 Rxc3 27. Nd3 Nc5 28. Nxf4 Nxb3
29. Bxe3 Qa5 0-1